|
|
|
|
| LEADER |
00000nam a22000007a 4500 |
| 005 |
20190801130235.0 |
| 007 |
cr|||| |||| |
| 008 |
190801s2017 co |||||s|||| 00||0 spa d |
| 020 |
|
|
|a 978-958-12-0435-9
|
| 035 |
|
|
|a 23891
|
| 040 |
|
|
|a vLex
|
| 090 |
|
|
|c 9095
|d 9095
|
| 100 |
1 |
|
|a Aza Jc̀ome, Alfonso
|
| 245 |
1 |
0 |
|a Drogas y polt̕icas pb︢licas
|h [Recurso electrn̤ico] :
|b ¿Legalizacin̤ o prohibicin̤? /
|c Alfonso Aza Jc̀ome
|
| 256 |
|
|
|a Servicio en ln̕ea
|
| 260 |
|
|
|a Bogot:̀
|b Universidad de La Sabana,
|c 2017
|
| 300 |
|
|
|a 1 recurso electrn̤ico
|
| 506 |
1 |
|
|a Disponible solo en los productos indicados
|d vLex Global
|d vLex Global (Academic Edition, excluding Law Schools)
|d vLex Global (U.S. Academic Edition, Law Schools)
|d vLex Global (U.S. Academic Edition, excluding Law Schools)
|d vLex Global (Academic Edition, Law Schools)
|
| 650 |
0 |
4 |
|a Derecho Penal
|z Colombia
|
| 740 |
0 |
|
|a vLex Libros (Servicio en ln̕ea)
|
| 856 |
4 |
0 |
|u http://vlex.com/source/drogas-politicas-publicas-legalizacion-prohibicion-23891
|z Acceso restringido
|
| 942 |
|
|
|c BOOK
|
| 999 |
0 |
|
|a Criminal law
|